Štúdio tanca
Enregistré dans:
| Auteur principal: | |
|---|---|
| Autres auteurs: | |
| Format: | Manuscrit Livre |
| Langue: | slovaque |
| Publié: |
Bratislava
2016
|
| Sujets: | |
| Accès en ligne: | http://is.stuba.sk/zp/portal_zp.pl?podrobnosti=79481 |
| Tags: |
Pas de tags, Soyez le premier à ajouter un tag!
|
MARC
| LEADER | 00000ntm a22000003a 4500 | ||
|---|---|---|---|
| 001 | stuzp57817 | ||
| 003 | SK-STU | ||
| 005 | 20210216091725.7 | ||
| 007 | ta | ||
| 008 | 150427s2015----xo-----f-mn---000-0-slo-d | ||
| 040 | |a STU |b slo | ||
| 041 | 0 | |a slo | |
| 100 | 1 | |a Bakoš, Martin |u 051110 |4 aut |U FAD Fakulta architektúry |T FA Ústav architektúry obytných budov |X 7028 |U A1110 |Y 392 |7 7028 | |
| 242 | 0 | 1 | |a dance studio |y eng |
| 245 | 1 | 0 | |a Štúdio tanca |
| 260 | |c 2016 |a Bratislava | ||
| 650 | 4 | |a tanec |2 slo | |
| 650 | 4 | |a štúdio |2 slo | |
| 650 | 4 | |a spiroll |2 slo | |
| 650 | 4 | |a dance |2 eng | |
| 650 | 4 | |a studio |2 eng | |
| 650 | 4 | |a spiroll |2 eng | |
| 700 | 1 | |a Pavúk, Ján |u 051110 |k Z1 |4 ths |U FAD Fakulta architektúry |T FA Ústav architektúry obytných budov |X 38065 |U A1110 |Y 392 |7 A000038065 | |
| 856 | 4 | |u http://is.stuba.sk/zp/portal_zp.pl?podrobnosti=79481 |u https://opac.crzp.sk/?fn=detailBiblioForm&sid=28C7416B5E23CF19947F71CEF8E1 | |
| SQL | |a stuzp57817 |b DBP |c SLO |d Štúdio tanca |e 7028 |f Bakoš, Martin |g 051110 |h 38065 |i Pavúk, Ján |j 20160609 |k 149 |l 05 |m http://is.stuba.sk/zp/portal_zp.pl?podrobnosti=79481 |n B-AU |o 5.1.1. architektúra a urbanizmus | ||